01071cam a2200253 450000100060000000300080000600500170001400800410003103500190007204000230009104100080011408200260012224500950014826000580024330000270030150000560032850000450038450400270042950502240045665100330068065100210071370000570073470000260079143132BD-RjUL20211209053643.0160619m19661965enka b 000 0 eng  a(BD-RjUL)43250 aDLCcDLCdDLCbeng aeng00a330.94219bCAM 1966 04aThe Cambridge economic history of Europe;cgeneral editors, M.M. Postan and H.J. Habakkuk. aCambridge :bCambridge U.P.,c19665 [reprinted 1966]  aV. : bill. ; c24 cm. aVol. 8, edited by Peter Mathias and Sidney Pollard. aVol. 8 issued without edition statement. aIncludes bibliography.0 av. 1. The agrarian life of the Middle Ages.--v. 2. Trade and industry in the Middle Ages. --v. 8. The industrial economies. V.6. the industrial revolutions and after : incomes population and technological change (ii)  0aEuropexEconomic conditions. 0aEuropexHistory.1 aPostan, M. M.q(Michael Moïssey),d1899-1981,eed.1 aHabakkuk, H. J.,eed.